Countries with Land Below Sea Level Quiz - Statistics

General Stats
  • This quiz has been taken 53 times
  • The average score is 30 of 42
Answer Stats
Lowest Point Elevation (in m) Country % Correct
Dead Sea -428 Israel
90%
Caspian Sea -28 Russia
90%
Dead Sea -428 Jordan
87%
Badwater Basin -85.5 United States
87%
Caspian Sea -28 Iran
85%
Ayding Lake -154 China
82%
Qattara Depression -133 Egypt
82%
Neuendorf-Sachsenbande -4 Germany
82%
Lake Eyre -15 Australia
79%
Kuttanad -2 India
79%
Sabkhat Ghuzayyil -47 Libya
79%
Laguna Salada -7 Mexico
79%
Vergeten Plek -5 Netherlands
79%
The Fens -4 United Kingdom
79%
Sea of Galilee -214 Syria
77%
Caspian Sea -28 Azerbaijan
74%
Laguna del Carbón -105 Argentina
72%
Lammefjord -5 Denmark
72%
Sebkha Tah -55 Morocco
72%
(Near) Momona -2 New Zealand
72%
Lagos Island -0.2 Nigeria
72%
Bayóvar Depression -34 Peru
72%
Chott Melrhir -40 Algeria
69%
Étang de Lavalduc -10 France
69%
Jolanda di Savoia -3 Italy
69%
Karagiye -132 Kazakhstan
69%
Sarygamysh Lake -12 Uzbekistan
69%
Lagunillas Municipality -12 Venezuela
69%
De Moeren -4 Belgium
67%
Hachirōgata -4 Japan
67%
Kristianstad -2 Sweden
67%
Danakil Depression -125 Ethiopia
62%
Shatt al Gharsah -17 Tunisia
62%
Sebkha de Ndrhamcha -5 Mauritania
59%
Żuławy Wiślane -2 Poland
59%
Akjagaýa -81 Turkmenistan
59%
Lake Enriquillo -45 Dominican Republic
56%
North Slob -3 Ireland
56%
Kuyalnik Estuary -5 Ukraine
54%
Lake Kulul -75 Eritrea
49%
Nemunas Delta -5 Lithuania
46%
Lake Assal −155 Djibouti
44%
No matching quizzes found
Score Distribution
Percent of People with Each Score
Percentile by Number Answered
Your Score History
You have not taken this quiz